000 00823nam a2200169Ia 4500
008 090711s9999 xx 000 0 und d
082 _b1268
100 _aगाला धीरेन / गाला ध. रा. / गाला संजय
245 _aहृदयरोग टाळा व दीर्घायुषी बना
260 _bनवनीत प्रकाशन
_c1996
300 _a155
600 _aगाला धीरेन / गाला ध. रा. / गाला संजय
630 _aहृदयरोग टाळा व दीर्घायुषी बना
700 _aगाला धीरेन / गाला ध. रा. / गाला संजय
730 _aहृदयरोग टाळा व दीर्घायुषी बना
942 _cBOOK
999 _c324759
_d324759